| 000 | 00729cab a2200241 4500 | ||
|---|---|---|---|
| 001 | WB3016-69 | ||
| 008 | 090401t1994 xxu||||| |||| 00| 0 eng d | ||
| 035 | _a(Sirsi) u37312 | ||
| 041 | _aeng | ||
| 245 | _aRail freight boost | ||
| 260 | _c1994 | ||
| 350 | _a0 | ||
| 490 |
_aObserver _v25 April 1994, 1(1) |
||
| 520 | _aChannel Tunnel operator Eurotunnel has received a boost with the unveiling of radical plans to switch large chunks of Britain`s freight from the roads to the railways. | ||
| 650 | _aCHANNEL TUNNEL | ||
| 650 | _aDISTRIBUTION | ||
| 650 | _aFREIGHT TRAFFIC | ||
| 650 | _aPIGGYBACK CONSORTIUM | ||
| 650 | _aRAILWAYS | ||
| 690 | _aTRANSPORT AND COMMUNICATIONS | ||
| 942 | _n0 | ||
| 948 | _c04/03/1997 | ||
| 999 |
_c24140 _d24140 |
||